History - American | 2 | 5 | 0 | 0 | 80 | 16 | 70.29 | 0 | 2 |
History - European | 3 | 3 | 0 | 0 | 75 | 40 | 77.83 | 0 | 1 |
Other - Other Academic and General Knowledge | 2 | 2 | 0 | 0 | 50 | 55 | 90.25 | 0 | 1 |
History - Cross, Historiography, and Miscellaneous | 1 | 3 | 0 | 0 | 45 | 37 | 58.75 | 0 | 3 |
History - World | 0 | 4 | 0 | 0 | 40 | 61 | 73.75 | 0 | 0 |
RMP - Philosophy | 1 | 2 | 0 | 0 | 35 | 57 | 72.67 | 0 | 1 |
RMP - Islam | 2 | 0 | 0 | 0 | 30 | 36 | 47.50 | 1 | 2 |
Literature - American | 2 | 0 | 0 | 0 | 30 | 49 | 61.00 | 1 | 1 |
RMP - Greco-Roman Mythology | 1 | 1 | 0 | 0 | 25 | 55 | 92.50 | 0 | 0 |
RMP - Christian Practice | 1 | 1 | 0 | 0 | 25 | 27 | 77.50 | 1 | 1 |
RMP - World Mythology | 0 | 2 | 0 | 0 | 20 | 123 | 124.00 | 0 | 0 |
Science - Computer Science | 0 | 2 | 0 | 0 | 20 | 112 | 114.00 | 0 | 0 |
Literature - World and Miscellaneous | 1 | 0 | 0 | 0 | 15 | 52 | 52.00 | 0 | 0 |
Fine Arts - Film | 1 | 0 | 0 | 0 | 15 | 40 | 40.00 | 1 | 1 |
Fine Arts - Ballet/Dance | 1 | 0 | 0 | 0 | 15 | 10 | 10.00 | 1 | 1 |
Fine Arts - Painting | 1 | 0 | 0 | 0 | 15 | 41 | 41.00 | 0 | 1 |
RMP - Hebrew Bible | 1 | 0 | 0 | 0 | 15 | 63 | 63.00 | 0 | 0 |
Fine Arts - Architecture | 1 | 0 | 0 | 0 | 15 | 57 | 57.00 | 0 | 1 |
Geography - World | 0 | 1 | 0 | 0 | 10 | 95 | 95.00 | 0 | 0 |
RMP - Other Religion | 0 | 1 | 0 | 0 | 10 | 91 | 91.00 | 0 | 0 |
Geography - Europe | 0 | 1 | 0 | 0 | 10 | 59 | 59.00 | 0 | 1 |
Geography - United States | 0 | 1 | 0 | 0 | 10 | 74 | 74.00 | 0 | 0 |
RMP - New Testament | 0 | 1 | 0 | 0 | 10 | 74 | 74.00 | 1 | 1 |
Fine Arts - Music | 0 | 1 | 0 | 0 | 10 | 128 | 128.00 | 0 | 0 |
Fine Arts - Opera | 0 | 1 | 0 | 0 | 10 | 128 | 128.00 | 0 | 0 |
Science - Physics | 0 | 0 | 0 | 0 | 0 | | 0.00 | 0 | 0 |
RMP - Hinduism | 0 | 0 | 0 | 0 | 0 | | 0.00 | 0 | 0 |
Current Events - U.S. | 0 | 0 | 0 | 0 | 0 | | 0.00 | 0 | 0 |